LEADER 01275nam a2200277 i 4500 001 000000356092 003 CaOOAMICUS 005 20231211115237.0 008 231113s2023 it u000 u ita u 020 $a978-88-311-3549-8 040 $aSeMil$bita 100 1 $aUlz, Stefan.$0(OLS)http://semarc/name/118655 245 10$aVivere la trinità :$bprospettive di antropologia in Chiara Lubich /$cStefan Ulz. 264 1$aRoma :$bCittà Nuova,$c2023. 300 $a455 p. ;$c21 cm 490 1 $aCollana di teologia ;$v106 650 4$aLubich, Chiara <1920-2008> - Pensiero antropologico.$0(OLS)http://semarc/subject/54705 650 04$aTeologia della relazione.$0(OLS)http://semarc/subject/53991 650 4$aAntropologia teologica.$0(OLS)http://semarc/subject/2114 830 0$aCollana di teologia ;$v106.$0(OLS)http://semarc/title/419465 850 $aSeMil 852 $aSeMil$W1$xVenegono$y1$m2XA H 106$j244423$B247270$CSeMilBibl$Z2$F247270 $81 996 $6020$a978-88-311-3549-8$9(OLS)http://semarc/number/299274 996 $6245$aVivere la trinità :$bprospettive di antropologia in Chiara Lubich$9(OLS)http://semarc/title/446323 996 $6264$aRoma :$bCittà Nuova$9(OLS)http://semarc/publisher/29609 LEADER 00807nas a2200205 i 4500 001 000000001941 003 CaOOAMICUS 005 20180830125435.0 008 180830s1965 it uu u0 0ita r 022 $a0004-6736 040 $aSeMil$bita 245 10$aAtlante /$cMensile dell' Istituto Geografico De Agostini. 260 $aNovara :$b[s.n.],$c1965. 500 $aConsistenza: 1 (1965) - 34 (febbraio-marzo 1993). - Lacune : Fascicoli dal n° 3 al 12 del 1990. 710 2 $aIstituto Geografico de Agostini .$0(OLS)http://semarc/name/1734 774 0 $tTitolo mancante.$w()129573 774 0 $tTitolo mancante.$w()129574 996 $6022$a0004-6736$9(OLS)http://semarc/number/149 996 $6245$aAtlante$9(OLS)http://semarc/title/3210 996 $6260$aNovara :$b[s.n.]$9(OLS)http://semarc/publisher/30468